| 000 | 006450000a22001810004500 | ||
|---|---|---|---|
| 090 |
_aAR _b03080 |
||
| 245 | 1 | 0 | _aContribución al estudio de los ortópteros de México, IV. ortópteros del Pedregal de San Ángel, Villa Obregón, D. F. |
| 650 | 1 | 4 |
_aInsectos _992622 |
| 650 | 1 | 4 |
_aEntomología _94483 |
| 650 | 1 | 4 |
_aBiología _992 |
| 650 | 1 | 4 |
_aNuevos registros _994719 |
| 651 | 4 |
_lPedregal de San Angel _dDistrito Federal _pMéxico _992749 |
|
| 653 |
_gSyntechna _eSyntechna tarasca |
||
| 041 | 0 | _aEspañol | |
| 100 | 1 |
_aMárquez Mayaudon, Carlos _996681 |
|
| 942 | _cARTICULO | ||
| 773 | 1 |
_tAnales del Instituto de Biología _3127 _h1 _q107-112 _d1968 |
|
| 999 |
_c12137 _d12137 |
||